[Event "VIE-ch (Women)"]
[Site "Hanoi"]
[Date "2024.03.11"]
[Round "2"]
[White "Bui, Ngoc Phuong Nghi"]
[Black "Nguyen, Thanh Huong"]
[Result "1-0"]
[WhiteElo "1731"]
[BlackElo "1536"]
[PlyCount "113"]
[EventDate "2024.03.11"]
[EventType "swiss"]
[EventRounds "9"]
[EventCountry "VIE"]
[SourceTitle "CB13_2024"]
[SourceDate "2024.03.27"]
[SourceVersion "1"]
[SourceVersionDate "2024.03.27"]
[SourceQuality "1"]

1. d4 d5 2. Bf4 Nf6 3. e3 e6 4. Nf3 c5 5. c3 Nc6 6. Nbd2 cxd4 7. exd4 Bd6 8. Bxd6 Qxd6 9. Bd3 0-0 10. 0-0 Bd7 11. Re1 Rac8 12. Ne5 Ne7 13. Ndf3 Bc6 14. Ng5 h6 15. Ngf3 Nd7 16. Bc2 Bb5 17. a4 Ba6 18. b4 Bc4 19. Nxd7 Qxd7 20. Ne5 Qd6 21. Bb1 f6 22. Ng4 f5 23. Ne5 Rf6 24. Re3 Ng6 25. Bc2 Qc7 26. Nxg6 Rxg6 27. Qe1 Qd6 28. Re5 a6 29. Qd2 Qc7 30. Rae1 Qd7 31. h3 Rf6 32. Qe3 Rc6 33. g4 fxg4 34. hxg4 g5 35. f3 Qc7 36. Kg2 Ba2 37. Bd3 Bc4 38. Bf5 exf5 39. Re8+ Rf8 40. Rxf8+ Kxf8 41. Qe8+ Kg7 42. Re7+ Qxe7 43. Qxe7+ Kg6 44. Qe8+ Kf6 45. Qf8+ Kg6 46. gxf5+ Kh7 47. Qe7+ Kg8 48. f6 Rxf6 49. Qxf6 Bb3 50. Qxh6 Bxa4 51. Qxg5+ Kh8 52. Qe7 Bc6 53. Kg3 b6 54. Kh4 a5 55. Kg5 a4 56. Kh6 a3 57. Qg7# 1-0